Countries with Puffins - Statistics

General Stats
  • This quiz has been taken 88 times
  • The average score is 16 of 20
Answer Stats
Countries % Correct
United States
100%
Canada
97%
United Kingdom
97%
Sweden
94%
Russia
93%
France
92%
Norway
92%
Spain
92%
Denmark
90%
Iceland
90%
Portugal
90%
Ireland
89%
Italy
82%
Netherlands
82%
Japan
76%
Morocco
64%
North Korea
56%
Algeria
54%
Monaco
49%
Tunisia
49%
No matching quizzes found
Score Distribution
Percent of People with Each Score
Percentile by Number Answered
Your Score History
You have not taken this quiz